ALGEBRA 1: ASSIGNMENTS (Record no. 187877)
[ view plain ]
| 000 -LEADER | |
|---|---|
| fixed length control field | 00246nam a2200097Ia 4500 |
| 050 ## - LIBRARY OF CONGRESS CALL NUMBER | |
| Classification number | QA152.2.A44.C.8 |
| 100 ## - MAIN ENTRY--PERSONAL NAME | |
| Personal name | CARNEGIE LEARNING UNIVERSITY |
| 245 #0 - TITLE STATEMENT | |
| Title | ALGEBRA 1: ASSIGNMENTS |
| 942 ## - ADDED ENTRY ELEMENTS (KOHA) | |
| Koha item type | Long Loan Book |
| Withdrawn status | Lost status | Source of classification or shelving scheme | Damaged status | Not for loan | Collection | Home library | Current library | Shelving location | Inventory number | Total checkouts | Full call number | Barcode | Date last seen | Copy number | Koha item type | Date acquired | Price effective from |
|---|---|---|---|---|---|---|---|---|---|---|---|---|---|---|---|---|---|
| Library of Congress Classification | Science & Technology | Kisii University Library | Kisii University Library | On Display | 55083 | QA 152.2 .A44 2008 | 012566 | 09/15/2023 | C.8 | Long Loan Book | |||||||
| Library of Congress Classification | Science & Technology | Kisii University Library | Kisii University Library | On Display | 55084 | QA 152.2 .A44 2008 | 012555 | 10/04/2024 | C.9 | Long Loan Book | 10/04/2024 | 10/04/2024 |